Relative Category Theory and Geometric Morphisms (Record no. 8410)

MARC details
000 -LEADER
fixed length control field 00548nam a22001937a 4500
003 - CONTROL NUMBER IDENTIFIER
control field OSt
005 - DATE AND TIME OF LATEST TRANSACTION
control field 20240612111743.0
008 - FIXED-LENGTH DATA ELEMENTS--GENERAL INFORMATION
fixed length control field 240612b |||||||| |||| 00| 0 eng d
022 ## - INTERNATIONAL STANDARD SERIAL NUMBER
International Standard Serial Number 0198534345
040 ## - CATALOGING SOURCE
Transcribing agency MUST
082 ## - DEWEY DECIMAL CLASSIFICATION NUMBER
Classification number 512.5 CHA 1991
100 ## - MAIN ENTRY--PERSONAL NAME
Personal name Chapman, Jonathan
9 (RLIN) 17100
245 ## - TITLE STATEMENT
Title Relative Category Theory and Geometric Morphisms
260 ## - PUBLICATION, DISTRIBUTION, ETC. (IMPRINT)
Place of publication, distribution, etc. New york
Name of publisher, distributor, etc. :Oxford University Press
Date of publication, distribution, etc. , 1991
300 ## - PHYSICAL DESCRIPTION
Extent xi,263p.
Other physical details : ill.
Dimensions ; 26 cm
504 ## - BIBLIOGRAPHY, ETC. NOTE
Bibliography, etc Includes Bibliography<br/>index, <br/>Appendix
650 ## - SUBJECT ADDED ENTRY--TOPICAL TERM
Source of heading or term Geometry
942 ## - ADDED ENTRY ELEMENTS (KOHA)
Source of classification or shelving scheme Dewey Decimal Classification
Koha item type Open Shelf
Holdings
Withdrawn status Lost status Source of classification or shelving scheme Damaged status Not for loan Home library Current library Date acquired Source of acquisition Inventory number Total Checkouts Full call number Barcode Date last seen Price effective from Koha item type
    Dewey Decimal Classification     MUST Main Library MUST Main Library 12/06/2024 Donation 2001/15068   512.5 CHA 1991 2024-20336 12/06/2024 12/06/2024 Open Shelf
    Dewey Decimal Classification     MUST Main Library MUST Main Library 14/06/2024 Donation 15069   512.5 CHA 1991 2024-20532 14/06/2024 14/06/2024 Open Shelf
    Other/Generic Classification Scheme     MUST Main Library MUST Main Library   Donation 2001/15070   512.5 CHA 1991 2024-20607 17/06/2024   Open Shelf
    Dewey Decimal Classification     MUST Main Library MUST Main Library 15/10/2024 donation 2001/15067   512.5 CHA 1991 2024-22489 15/10/2024 15/10/2024 Book Bank